|
|
|
|
| LEADER |
00000nab a2200000ua 4500 |
| 001 |
vtls010793206 |
| 003 |
SK-MaSNL |
| 005 |
20260303123840.0 |
| 008 |
230214s1960 xo |||||||||||||||||slo| |
| 035 |
|
|
|a (urnnbn)urn:nbn:sk:snk:ar-a03e0f
|
| 035 |
|
|
|a (uuid)fbaf70ee-0bd3-4673-beeb-c7d28bf13b60
|
| 035 |
|
|
|a urn:nbn:sk:snk-ab58la
|
| 040 |
|
|
|a SNKBUCL
|b slo
|c SNKBUCL
|e AACR2
|
| 041 |
0 |
|
|a slo
|
| 044 |
|
|
|a xo
|c SK
|
| 100 |
1 |
|
|a Ginter, Emil,
|d 1931-
|4 aut
|9 110418
|
| 245 |
1 |
0 |
|a METABOLIZMUS VITAMÍNU C U NORMÁLNYCH A SKORBUTICKÝCH MORČIAT V PODMIENKACH TRAUMY
|c E. Ginter
|
| 773 |
0 |
|
|t Bratislavské lekárske listy
|g Roč. 40, č. 10 (1960), s. 607-616
|
| 954 |
|
|
|a odborná, vedecká literatúra pôvodná (slovenská)
|2 lita
|
| 958 |
|
|
|a OND
|
| 958 |
|
|
|a EUIPO
|
| 958 |
|
|
|a article3
|
| 999 |
|
|
|c 1928321
|d 1930251
|